000 01633cam a22004217a 4500
003 CHAP
005 20220329142820.0
008 010920s2001 mx r 00010 spa d
010 _a88201
011 _a89173
035 _a99724
040 _cCHAP
090 _aTesis
100 0 0 _aDíaz Betancourt, Juan Pablo.
_933384
245 1 0 _aPotencial de rendimiento de germoplasma de tomate de cáscara (Physalis ixocarpa Brot.), bajo fertirrigación, en Chapingo, México
_c/por Juan Pablo Díaz Betancourt
260 _aChapingo, Méx. :
_bEl autor,
_c2003
300 _a50 h. :
_bilus. ; gráfs. ; cuadros
502 _aTesis (Ing. Agr. Esp. en Fitotecnia) -- UACH. Departamento de Fitotecnia
530 _aTambién disponible en línea
590 _aALEPH
_b10
_c20130110
_lUCH01
_h1456
590 _aBATCH-UPD
_b10
_c20130110
_lUCH01
_h0640
590 _aBATCH-UPD
_b10
_c20130410
_lUCH01
_h0324
590 _aBATCH-UPD
_b10
_c20130914
_lUCH01
_h1216
590 _aBATCH-UPD
_b10
_c20140324
_lUCH01
_h1442
590 _aBATCH-UPD
_b10
_c20141002
_lUCH01
_h0820
590 _aCONVERSION
_b10
_c20130109
_lUCH01
_h1349
650 1 4 _aFertirrigación.
_940652
650 1 4 _aTomate
_xGermoplasma.
_9113728
650 1 4 _aTomate
_xRendimiento.
_9113761
650 1 4 _aTomate
_xVariedades.
_9113777
650 1 4 _aTomate
_zMéxico (Edo.).
_9113786
856 _3Finding aid
_uhttp://10.13.5.2/tesis/99724.pdf
_zTeclea aqui
901 _aBK
905 _aMarco A. Mendoza T.
942 _cFOLL
949 _aTesis
_bBC
_cTES
_d33724000893467
_eTS2
_fc.2
_gDonaciØn
_h41609
_i99724
_sb
949 _aTesis
_bBC
_cTES
_d997241
_eTS1
_gDonaciØn
_h41608
_i99724
_sb
999 _c88201
_d88201